[Event "It (open)"]
[Site "masterchessopen.com Dresden (Germany)"]
[Date "2011.08.06"]
[Round "1"]
[White "Reinemer Frank (GER)"]
[Black "Szabo Krisztian (HUN)"]
[Result "0-1"]
[WhiteElo "2216"]
[BlackElo "2546"]

1.d4 Nf6 2.c4 e6 3.Nc3 Bb4 4.e3 O-O 5.Bd3 d5 6.Nf3 c5 7.O-O Nc6 8.a3 Bxc3
9.bxc3 Qc7 10.cxd5 exd5 11.h3 Re8 12.Nd2 Ne7 13.a4 c4 14.Bc2 Nf5 15.Ba3 Bd7
16.Qb1 Nh4 17.Qb4 Re6 18.Rfb1 Rxe3 19.fxe3 Qg3 20.Kf1 Qxg2+ 21.Ke1 Re8 22.e4
Nxe4 23.Bxe4 Nf3+ 24.Nxf3 Rxe4+ 25.Kd1 Qxf3+ 26.Kc1 Qf1+ {#R} 0-1

[Event "Ch World (juniors) (under 20)"]
[Site "masterchessopen.com Chennai (India)"]
[Date "2011.08.14"]
[Round "12"]
[White "Salem A R Saleh (UAE)"]
[Black "Botta Gabriele (SUI)"]
[Result "1-0"]
[WhiteElo "2489"]
[BlackElo "2271"]

1.d4 Nf6 2.c4 e6 3.Nc3 Bb4 4.e3 O-O 5.Bd3 c5 6.Nf3 d5 7.O-O Nc6 8.a3 Bxc3
9.bxc3 Qc7 10.cxd5 exd5 11.a4 Re8 12.Ba3 c4 13.Bc2 Qa5 14.Qc1 Bg4 15.Qb2 Qc7
16.Nh4 b6 17.Rae1 Be6 18.f3 Qd7 19.e4 g5 20.Qc1 h6 21.e5 Qd8 22.f4 gxh4 23.f5
Ne4 24.Rxe4 dxe4 25.f6 {#r} 1-0

[Event "It \"]
[Site "masterchessopen.com Rome (Italy)"]
[Date "2011.09.07"]
[Round "4"]
[White "David Alberto (LUX)"]
[Black "Arutinian David (GEO)"]
[Result "1-0"]
[WhiteElo "2588"]
[BlackElo "2577"]

1.c4 e6 2.Nc3 d5 3.d4 Bb4 4.e3 c5 5.Nf3 Nf6 6.Bd3 O-O 7.O-O Nc6 8.a3 Bxc3
9.bxc3 Qc7 10.cxd5 exd5 11.a4 Re8 12.Ba3 c4 13.Bc2 Bg4 14.Qe1 Bh5 15.Nh4 Bg6
16.Nxg6 hxg6 17.f3 Nh5 18.Qf2 Qa5 19.Qd2 Rad8 20.Rab1 Rd7 21.Rb5 Qd8 22.e4 a6
23.Rbb1 dxe4 24.fxe4 Nf6 25.Qf4 Qa5 26.Qf3 b5 27.e5 Nd5 28.Be4 Nxe5 29.dxe5
Rxe5 30.Rbd1 Qd8 31.Bxd5 Rexd5 32.Rxd5 Rxd5 33.Qxf7+ Kh7 34.axb5 axb5 35.Bf8
Rd7 36.Qf3 Rd3 37.Qb7 Rd7 38.Qxb5 Rd1 39.Qxc4 Qb6+ 40.Bc5 Rxf1+ 41.Kxf1 Qb1+
{#r} 1-0

[Event "It (cat.1)"]
[Site "masterchessopen.com Parana (Brazil)"]
[Date "2011.10.08"]
[Round "4"]
[White "Araujo Rafael Moreira (BRA)"]
[Black "Lebredo Gerardo (CUB)"]
[Result "0-1"]
[WhiteElo "2181"]
[BlackElo "2240"]

1.d4 Nf6 2.c4 e6 3.Nc3 Bb4 4.e3 O-O 5.Bd3 d5 6.Nf3 c5 7.O-O Nc6 8.a3 Bxc3
9.bxc3 Qc7 10.cxd5 exd5 11.h3 Re8 12.Bb2 c4 13.Bc2 Ne4 14.Re1 Na5 15.Nd2 Bf5
16.f3 Nxd2 17.Bxf5 Nab3 18.Ra2 Qg3 19.Kh1 Qg5 20.Bd7 Re7 21.Ba4 b5 22.Bxb5 Rb8
23.Ba4 Rxe3 24.Rxe3 Qxe3 25.Bc1 Nxc1 26.Qxd2 Qxd2 27.Rxd2 Rb6 28.Rc2 Nd3
29.Bd7 g6 30.Re2 Rb3 31.Bc6 Rxc3 32.Re8+ Kg7 33.Bxd5 Nf4 34.Be4 f5 35.Re7+ Kf6
36.Rxa7 fxe4 37.fxe4 h5 38.a4 Rc1+ 39.Kh2 h4 40.e5+ Kg5 41.e6 Nxe6 42.d5 Nf4
43.d6 Rd1 44.d7 c3 45.Rc7 Ne2 46.g4 hxg3+ 47.Kg2 Kf6 48.Kf3 Ke7 {#R} 0-1

[Event "Ch Norway (team) 2011/12"]
[Site "masterchessopen.com Norway"]
[Date "2011.11.05"]
[Round "2"]
[White "Urkedal Frode (NOR)"]
[Black "Hammer Jon Ludvig (NOR)"]
[Result "0-1"]
[WhiteElo "2460"]
[BlackElo "2606"]

1.d4 Nf6 2.c4 e6 3.Nc3 Bb4 4.Nf3 c5 5.e3 O-O 6.Bd3 d5 7.O-O Nc6 8.a3 Bxc3
9.bxc3 Qc7 10.cxd5 exd5 11.h3 Re8 12.a4 c4 13.Bc2 Ne4 14.Ra3 Qe7 15.a5 Qc7
16.Nd2 Nd6 17.Qf3 f5 18.Qxd5+ Be6 19.Qf3 Qf7 20.Ra1 Bd5 21.Qf4 Re6 22.Ba3 g5
23.Qg3 Nb5 24.Bb2 Kh8 25.Rfe1 Rae8 26.f3 Rxe3 27.Rxe3 Rxe3 28.Qxg5 Rxc3 29.Ba4
Qg7 30.Qxf5 Rd3 31.Nxc4 Bxc4 32.d5 Ncd4 33.Qc8+ Qg8 34.Qxc4 Rd2 35.Bxd4+ Nxd4
36.Qf1 Ne2+ 37.Kh2 Nf4 38.Kh1 Rxg2 39.Re1 Qg3 40.Re8+ Kg7 41.Qa1+ Kh6 42.Re6+
Nxe6 43.Qf6+ Qg6 44.Qh4+ Kg7 45.Qe7+ Kh8 {#R} 0-1

[Event "It (cat.8)"]
[Site "masterchessopen.com Ulan Bator (Mongolia)"]
[Date "2011.12.11"]
[Round "9"]
[White "Sharavdorj Dashzegve (MGL)"]
[Black "Gundavaa Bayarsaihan (MGL)"]
[Result "0-1"]
[WhiteElo "2440"]
[BlackElo "2478"]

1.d4 Nf6 2.c4 e6 3.Nc3 Bb4 4.e3 O-O 5.Nf3 c5 6.Bd3 d5 7.O-O Nc6 8.a3 Bxc3
9.bxc3 Qc7 10.Bb2 Na5 11.cxd5 exd5 12.Nd2 b5 13.Rc1 Rb8 14.Rb1 Re8 15.Re1 Nc4
16.Nb3 Nxb2 {#R} 0-1

[Event "Ch Brazil"]
[Site "masterchessopen.com Campinas (Brazil)"]
[Date "2011.12.14"]
[Round "5"]
[White "Mecking Henrique (BRA)"]
[Black "Di Berardino Diego Rafael (BRA)"]
[Result "1-0"]
[WhiteElo "2590"]
[BlackElo "2491"]

1.d4 Nf6 2.c4 e6 3.Nc3 Bb4 4.e3 O-O 5.Bd3 d5 6.Nf3 c5 7.O-O Nc6 8.a3 Bxc3
9.bxc3 Qc7 10.Bb2 Re8 11.h3 Na5 12.cxd5 exd5 13.Ne5 Rxe5 14.dxe5 Qxe5 15.Qa4
b6 16.Qf4 Qe6 17.f3 Bd7 18.Rfe1 Nb3 19.Rad1 c4 20.Bb1 Nc5 21.e4 dxe4 22.fxe4
Bb5 23.Rd6 Qe7 24.e5 Ne8 25.Rdd1 Nc7 26.Bc1 N7e6 27.Qf5 Nd3 28.a4 Ba6 29.Rf1
Rf8 30.Rf3 Qc5+ 31.Be3 Qd5 32.Rdf1 Bc8 33.Rg3 Bb7 34.Bh6 Kh8 35.Qxe6 {#r} 1-0

[Event "It (open)"]
[Site "masterchessopen.com Copenhagen (Denmark)"]
[Date "2011.12.27"]
[Round "1"]
[White "Vesterli Michael E (DEN)"]
[Black "Ochsner Bjorn Moller (DEN)"]
[Result "0-1"]
[WhiteElo "1972"]
[BlackElo "2281"]

1.d4 Nf6 2.c4 e6 3.Nc3 Bb4 4.e3 c5 5.Bd3 d5 6.a3 Bxc3+ 7.bxc3 Nc6 8.Nf3 O-O
9.O-O Qc7 10.Qc2 h6 11.Rb1 Rd8 12.a4 Na5 13.cxd5 c4 14.dxe6 cxd3 15.exf7+ Qxf7
16.Qxd3 Qc4 17.Qc2 b6 18.Ne5 Qe6 19.Re1 Bb7 20.f3 Rac8 21.Ng6 Nd5 22.Bd2 Nc4
23.Nf4 Nxf4 24.exf4 Qd7 25.f5 Rf8 {#R} 0-1

[Event "It (open)"]
[Site "masterchessopen.com Chennai (India)"]
[Date "2012.01.07"]
[Round "6"]
[White "Vakhidov Jahongir (UZB)"]
[Black "Aleksandrov Aleksej (BLR)"]
[Result "0-1"]
[WhiteElo "2419"]
[BlackElo "2612"]

1.c4 e6 2.Nc3 d5 3.d4 Bb4 4.Nf3 Nf6 5.e3 O-O 6.Bd3 c5 7.O-O Nc6 8.a3 Bxc3
9.bxc3 Qc7 10.h3 dxc4 11.Bxc4 b6 12.Bd3 e5 13.Qc2 Bb7 14.e4 c4 15.Bxc4 exd4
16.Bd3 dxc3 17.Qxc3 Rac8 18.e5 Nd5 19.Qe1 Rfe8 20.Bb2 Nf4 21.Qe4 Nxd3 22.Qxd3
Red8 23.Qe2 h6 24.Rfd1 Qe7 25.a4 Qe6 26.a5 Nxa5 27.Nd4 Qg6 28.f3 Nc4 29.Bc3 a6
30.g4 b5 31.Nf5 Qe6 32.Kg2 Kh7 33.Kg3 g6 34.Nh4 Qb6 35.Ng2 a5 36.Nf4 b4
37.Rxd8 Qxd8 38.Rd1 Qe7 39.e6 fxe6 40.Qc2 Ne5 41.Qe2 Rxc3 42.Qxe5 Rxf3+ 43.Kh2
Qf7 44.Rd4 g5 {#R} 0-1

[Event "It (open) \"]
[Site "masterchessopen.com Moscow (Russia)"]
[Date "2012.02.15"]
[Round "9"]
[White "Ovod Evgenija (RUS)"]
[Black "Bakre Tejas (IND)"]
[Result "0-1"]
[WhiteElo "2412"]
[BlackElo "2509"]

1.d4 Nf6 2.c4 e6 3.Nc3 Bb4 4.e3 c5 5.Bd3 Nc6 6.Nf3 d5 7.a3 Bxc3+ 8.bxc3 O-O
9.O-O Qc7 10.Bb2 Re8 11.h3 Na5 12.cxd5 exd5 13.Nd2 Ne4 14.Bxe4 dxe4 15.c4 cxd4
16.Bxd4 Nc6 17.Qc2 Bf5 18.Qc3 Rad8 19.Rad1 Rd6 20.Nb3 Bxh3 21.f4 exf3 22.Rxf3
Bg4 23.Rdf1 Bxf3 24.Rxf3 Rg6 25.Nc5 Rg3 26.Be5 Qxe5 27.Qxe5 Rxe5 28.Rxg3 Rxc5
{#R} 0-1

[Event "Ch Netherlands (team) 2011/12"]
[Site "masterchessopen.com Netherlands"]
[Date "2012.03.10"]
[Round "7"]
[White "Dambacher Martijn (NED)"]
[Black "Landa Konstantin (RUS)"]
[Result "0-1"]
[WhiteElo "2491"]
[BlackElo "2645"]

1.d4 Nf6 2.c4 e6 3.Nc3 Bb4 4.e3 O-O 5.Bd3 d5 6.Nf3 c5 7.O-O Nc6 8.a3 Bxc3
9.bxc3 Qc7 10.Bb2 Re8 11.h3 Na5 12.cxd5 exd5 13.Nd2 c4 14.Bc2 Bd7 15.a4 Re6
16.Ba3 Rae8 17.Bb4 g6 18.Re1 Nc6 19.Rb1 Nxb4 20.Rxb4 Bc6 21.Qa1 a6 22.Rb2 Qe7
23.Nb1 Nh5 24.Nd2 Nf6 25.Nb1 Nd7 26.Qa3 Qg5 27.Nd2 f5 28.Nf3 Qf6 29.Rbb1 g5
30.g3 R6e7 31.Kg2 Rg7 32.Qc1 Rf8 33.Kh2 Qe6 34.Qd2 Rf6 35.Rh1 f4 36.exf4 gxf4
37.gxf4 Rh6 38.Ng1 Qg4 {#R} 0-1

[Event "Ch Norway (team) 2011/12"]
[Site "masterchessopen.com Norway"]
[Date "2012.03.25"]
[Round "9"]
[White "Hillarp Persson Tiger (SWE)"]
[Black "Tisdall Jonathan D (NOR)"]
[Result "1-0"]
[WhiteElo "2530"]
[BlackElo "2418"]

1.d4 Nf6 2.c4 e6 3.Nc3 Bb4 4.e3 O-O 5.Bd3 d5 6.Nf3 c5 7.O-O Nc6 8.a3 Bxc3
9.bxc3 Qc7 10.cxd5 exd5 11.a4 c4 12.Bc2 Bg4 13.Qe1 Bxf3 14.gxf3 Nh5 15.Ba3
Rfe8 16.Qd1 g6 17.Kh1 Re6 18.Rg1 Rd8 19.Rg5 Ng7 20.Rb1 b6 21.Rb5 f5 22.Qf1 Qf7
23.Qh3 Rf6 24.Rb1 Ne6 25.Rg2 Nc7 26.Qh4 Rb8 27.Rbg1 b5 28.e4 bxa4 29.exf5 Rxf5
30.Qh6 Ne6 31.Rxg6+ hxg6 32.Rxg6+ Ng7 33.Bxf5 Re8 34.Rg3 {#r} 1-0

[Event "Tournament (zonal)"]
[Site "masterchessopen.com Itaberai (Brazil)"]
[Date "2012.04.21"]
[Round "4"]
[White "Wilhelms Diego Lima (BRA)"]
[Black "Froes Leonardo Sanches (BRA)"]
[Result "1-0"]
[WhiteElo "2170"]
[BlackElo "1886"]

1.d4 Nf6 2.c4 e6 3.Nc3 Bb4 4.e3 O-O 5.Bd3 c5 6.Nf3 Nc6 7.O-O d5 8.a3 Bxc3
9.bxc3 Qc7 10.Bb2 Na5 11.cxd5 exd5 12.Ne5 Nc6 13.f4 Ne4 14.c4 Qd6 15.Qc2 cxd4
16.cxd5 Nxe5 17.fxe5 Qxe5 18.Bxd4 {#r} 1-0

[Event "Ch India (challengers)"]
[Site "masterchessopen.com Tirupati (India)"]
[Date "2012.05.22"]
[Round "7"]
[White "Ramakrishna J (IND)"]
[Black "Satyapragyan Swayangsu (IND)"]
[Result "0-1"]
[WhiteElo "2232"]
[BlackElo "2432"]

1.d4 Nf6 2.c4 e6 3.Nc3 Bb4 4.e3 d5 5.Nf3 O-O 6.Bd3 c5 7.O-O Nc6 8.a3 Bxc3
9.bxc3 Qc7 10.Qc2 Re8 11.Bb2 Na5 12.Nd2 dxc4 13.Nxc4 Nxc4 14.Bxc4 b6 15.Be2
cxd4 16.exd4 Bb7 17.f4 Be4 18.Qc1 Rac8 19.a4 Bd5 20.Ba6 Bc4 21.Bxc8 Bxf1
22.Qxf1 Rxc8 23.Qf3 Qc6 24.Qxc6 Rxc6 25.a5 b5 26.a6 Nd5 27.Ra5 Nc7 28.Ba3 Rxa6
29.Rxa6 Nxa6 30.Bd6 f6 31.g4 g6 32.f5 gxf5 33.gxf5 Kf7 34.Kf2 exf5 35.d5 Ke8
36.Ke3 Kd7 37.Bf4 Nc5 38.Kd4 Nb3+ 39.Kd3 Na5 40.Kd4 Nc4 41.Kc5 a6 42.Bg3 Nd2
43.Kb6 Ne4 44.Be1 f4 45.Kxa6 Nxc3 {#R} 0-1

[Event "It (open)"]
[Site "masterchessopen.com Ortisei (Italy)"]
[Date "2012.06.03"]
[Round "2"]
[White "Peralta Fernando (ARG)"]
[Black "Solomon Kenny (RSA)"]
[Result "1-0"]
[WhiteElo "2591"]
[BlackElo "2449"]

1.d4 Nf6 2.c4 e6 3.Nc3 Bb4 4.e3 O-O 5.Bd3 c5 6.Nf3 d5 7.O-O Nc6 8.a3 Bxc3
9.bxc3 Qc7 10.cxd5 exd5 11.Nh4 Ne7 12.a4 Be6 13.Ba3 b6 14.Rc1 Rad8 15.Qe2 c4
16.Bc2 Rfe8 17.Rce1 Qd7 18.Bxe7 Rxe7 19.f3 Rde8 20.Qd2 g5 21.e4 h6 22.e5 Nh7
23.f4 gxh4 24.f5 Bxf5 25.Rxf5 f6 26.Qxh6 fxe5 27.Rexe5 Rxe5 28.Rxe5 Rxe5
29.dxe5 Nf8 30.Qxh4 Qc7 31.Qg4+ Kf7 32.Qf3+ {#r} 1-0

[Event "Ch World (blitz) (w)"]
[Site "masterchessopen.com Batumi (Georgia)"]
[Date "2012.06.05"]
[Round "9"]
[White "Mkrtchian Lilit (ARM)"]
[Black "Kosintseva Tatiana (RUS)"]
[Result "0-1"]
[WhiteElo "2458"]
[BlackElo "2513"]

1.d4 Nf6 2.c4 e6 3.Nc3 Bb4 4.e3 O-O 5.Bd3 d5 6.Nf3 c5 7.O-O Nc6 8.a3 Bxc3
9.bxc3 Qc7 10.h3 Re8 11.a4 Na5 12.cxd5 exd5 13.Ne5 c4 14.Bc2 Ne4 15.f3 Ng3
16.Re1 f6 17.Ng4 Bf5 18.Rb1 Bxc2 19.Qxc2 Nb3 20.Nf2 Re7 21.Ba3 Re6 22.Nh1 Rae8
23.Qf2 Nxh1 24.Kxh1 Qc6 25.a5 Nxa5 26.Bb4 Nb3 27.Re2 a5 28.Ba3 b5 29.Rbe1 Qb7
30.Bb2 b4 31.Qg3 a4 32.e4 a3 33.Ba1 Nxa1 34.Rxa1 b3 35.Ree1 b2 36.Rad1 a2 {#R}
0-1

[Event "It (open)"]
[Site "masterchessopen.com Hilversum (Netherlands)"]
[Date "2012.06.22"]
[Round "1"]
[White "Van Engen Herman (NED)"]
[Black "Van Kampen Robin (NED)"]
[Result "0-1"]
[WhiteElo "2074"]
[BlackElo "2563"]

1.d4 Nf6 2.c4 e6 3.Nc3 Bb4 4.e3 c5 5.Nf3 O-O 6.Bd3 d5 7.O-O Nc6 8.a3 Bxc3
9.bxc3 Qc7 10.Bb2 Re8 11.Qe2 dxc4 12.Bxc4 e5 13.h3 Bf5 14.Bb5 e4 15.Nd2 a6
16.Bxc6 Qxc6 17.c4 cxd4 18.exd4 Qb6 19.Bc3 Rac8 20.Qe3 Qd6 21.Rfb1 b5 22.Bb4
Qe6 23.d5 Qd7 24.Bc3 bxc4 25.Qg5 Bg6 26.Rd1 Rc5 27.Nf1 h6 28.Qc1 Rxd5 29.Bxf6
Rxd1 30.Qxd1 Qxd1 31.Rxd1 gxf6 32.Ne3 c3 33.Rc1 Rc8 34.Nd5 Rd8 35.Nxc3 Rd3
36.Kf1 Kg7 37.Ke1 f5 38.g3 f4 39.gxf4 Rxh3 40.Ke2 Rd3 41.a4 h5 42.Nd1 Rf3
43.Rc6 h4 44.Kf1 Rxf4 45.Rxa6 e3 {#R} 0-1

[Event "Ch Argentina"]
[Site "masterchessopen.com La Plata (Argentina)"]
[Date "2012.07.09"]
[Round "8"]
[White "Fernandez Maria (ARG)"]
[Black "Tristan Leonardo (ARG)"]
[Result "0-1"]
[WhiteElo "2150"]
[BlackElo "2449"]

1.d4 Nf6 2.c4 e6 3.Nc3 Bb4 4.e3 O-O 5.Bd3 d5 6.Nf3 c5 7.O-O Nc6 8.a3 Bxc3
9.bxc3 Qc7 10.Bb2 Na5 11.cxd5 exd5 12.Ne5 c4 13.Bc2 Ne4 14.f3 Nd6 15.Qe1 f6
16.Ng4 Bxg4 17.fxg4 Rfe8 18.Qh4 Ne4 19.Rf5 Qb6 20.Bc1 Nb3 21.Rb1 Nxc3 22.g5
fxg5 23.Rxg5 h6 24.Rg6 Re6 25.Rxe6 Qxe6 26.Bxb3 cxb3 {#R} 0-1

[Event "It \"]
[Site "masterchessopen.com Penarth (Wales)"]
[Date "2012.07.11"]
[Round "7"]
[White "Marusenko Petr (UKR)"]
[Black "Wells Peter K (ENG)"]
[Result "0-1"]
[WhiteElo "2164"]
[BlackElo "2488"]

1.d4 Nf6 2.c4 e6 3.Nc3 Bb4 4.e3 O-O 5.Bd3 d5 6.Nf3 c5 7.O-O Nc6 8.a3 Bxc3
9.bxc3 Qc7 10.h3 Re8 11.Bb2 Na5 12.cxd5 exd5 13.Ne5 c4 14.Bc2 Ne4 15.Qh5 g6
16.Qh4 Qe7 17.Qxe7 Rxe7 18.f3 Nc5 19.a4 Nd3 20.Ba3 Re8 21.Bd6 Nc6 22.Bxd3 cxd3
23.Nxd3 Rxe3 24.Nf4 Be6 25.Rae1 Rxc3 26.Nxe6 fxe6 27.Rxe6 Kf7 28.Re2 Re8
29.Be5 Rc4 30.f4 Rxa4 31.f5 Rxd4 32.fxg6+ Kxg6 33.Rf6+ Kg5 34.Bxd4 Rxe2 35.h4+
Kg4 36.Bf2 d4 37.Rf3 Rd2 38.Rf7 Rd1+ 39.Kh2 Rd2 40.Rg7+ Kf5 41.Rxh7 Kg6 {#R}
0-1

[Event "Ch Europe (juniors) (under 12) (g)"]
[Site "masterchessopen.com Prague (Czech Republic)"]
[Date "2012.08.22"]
[Round "6"]
[White "Obolentseva Alexandra"]
[Black "Sieber Fiona"]
[Result "1-0"]
[WhiteElo "1950"]
[BlackElo "1781"]

1.d4 Nf6 2.c4 e6 3.Nc3 Bb4 4.e3 O-O 5.Bd3 d5 6.Nf3 c5 7.O-O Nc6 8.a3 Bxc3
9.bxc3 Qc7 10.Bb2 Re8 11.h3 Na5 12.cxd5 exd5 13.Ne5 c4 14.Bc2 Ne4 15.Qh5 Re6
16.f3 Rh6 17.Qxf7+ Qxf7 18.Nxf7 Rb6 19.fxe4 Rxb2 20.Rac1 dxe4 21.Bxe4 Bd7
22.Ne5 Re8 23.Nxd7 Nb3 24.Rce1 Nd2 25.Bd5+ Kh8 26.Rf2 Rb1 27.Rxb1 Nxb1 28.Ne5
h6 29.Bxc4 Nxc3 30.Rf3 b5 31.Nf7+ Kh7 32.Bd3+ g6 33.Ne5 Re7 34.Nxg6 Rc7 35.Rg3
Rg7 36.Kh2 a5 37.d5 b4 38.axb4 axb4 39.d6 {#r} 1-0

[Event "It (open)"]
[Site "masterchessopen.com Nagpur (India)"]
[Date "2012.10.16"]
[Round "2"]
[White "Murali Krishnan B T (IND)"]
[Black "Aleksandrov Aleksej (BLR)"]
[Result "0-1"]
[WhiteElo "2329"]
[BlackElo "2602"]

1.d4 Nf6 2.c4 e6 3.Nc3 Bb4 4.e3 O-O 5.Bd3 c5 6.Nf3 d5 7.O-O Nc6 8.a3 Bxc3
9.bxc3 Qc7 10.cxd5 exd5 11.h3 Re8 12.c4 cxd4 13.cxd5 Nxd5 14.exd4 h6 15.Re1
Rxe1+ 16.Qxe1 Nce7 17.Bd2 Bf5 18.Bf1 Qc2 19.Bb4 Nc6 20.Rc1 Qb2 21.Rc5 Be6
22.Qd2 Qb3 23.Bc4 Qb1+ 24.Qe1 Qxe1+ 25.Bxe1 Rd8 26.Bd2 f6 27.Bb5 Nce7 28.Rc1
Rc8 29.Rxc8+ Nxc8 30.Ne1 Kf7 31.Kf1 Ndb6 32.Ke2 Nc4 33.Bc1 N8d6 34.Bxc4 Bxc4+
35.Kd2 Bf1 36.f3 Ke6 37.a4 Nf5 38.Kc3 Kd5 {#R} 0-1